000 00265nam a2200097Ia 4500
008 220204s9999 xx 000 0 und d
082 _a339.5
_bMEE
245 0 _aMeeting of the advisory council on trade
260 _aNew Delhi
_bMinistry of commerce
_c1974
942 _cBK
999 _c23562
_d23562